000
00248nam a2200097Ia 4500
008
231212s1992 xx 000 0 und d
041
_a
eng
100
_a
Badri Ram
245
_a
Advanced Microprocessor & Interfacing
260
_a
Bombay
_b
Tata Mc
_c
1992
999
_c
969461
_d
969461